| 000 | 00852cam a22002778a 4500 | ||
|---|---|---|---|
| 008 | |||
| 020 | _a1855214482 (hbk.) | ||
| 049 | _aMAIN | ||
| 090 |
_aCD971 _bLEG |
||
| 245 | 0 | 0 |
_aLegal records in the Commonwealth / _cedited by William Twining and Emma Varnden Quick. |
| 260 |
_aAldershot : _bDartmouth, _cc1994. |
||
| 300 |
_axi, 332 p. ; _c23 cm. |
||
| 504 | _aIncludes bibliographical references. | ||
| 500 | _aInludes index. | ||
| 650 | 0 | _aArchives administration. | |
| 650 | 0 | _aCourt records Commonwealth countries. | |
| 653 | 0 | _aArchives management. | |
| 653 | 0 | _aCommonwealth countries. | |
| 700 | 1 | _aTwining, William. | |
| 700 | 1 | _aQuick, Emma Varnden. | |
| 907 |
_a.b10298939 _b20-10-11 _c16-06-11 |
||
| 003 | |||
| 005 | 20230120153124.0 | ||
| 040 | _cNUST | ||
| 942 |
_cBOOKS _kCD971 _mLEG |
||
| 999 |
_c99162 _d99162 |
||